| 000 | 00641nam a22002057a 4500 | ||
|---|---|---|---|
| 999 |
_c9874 _d9874 |
||
| 003 | AR-CdUCM | ||
| 008 | 190328b ||||| |||| 00| 0 spa d | ||
| 040 |
_aMUNICIPALIDAD PROVINCIAL DEL CUSCO _cBIBLIOTECA MUNICIPAL DEL CUSCO |
||
| 082 |
_a114 / _bL26 /1926 |
||
| 100 |
_aLandsberg, Paul Ludwig _926384 |
||
| 245 | _aLa academia platónica / | ||
| 260 |
_aMadrid : _bRevista de Occidente, _c1926. |
||
| 300 |
_a201 paginas ; _c17 cm. |
||
| 505 | _aContenido :Filosofía platónica / | ||
| 650 |
_aFilosofia _9395 |
||
| 650 |
_aPlaton _917186 |
||
| 700 |
_aPérez Bances, José (traductor) _926385 |
||
| 942 |
_2ddc _cLIBROS |
||
| 945 | _arjall | ||